000 00705nam a2200181Ia 4500
008 100920s9999 xx 000 0 und d
082 _b62311
_a28 व 891,43 थ 84
100 _a---
245 _aभारत के गौरव (तीसरा भाग ).
260 _bसूचना और प्रसारण मन्त्रालय, भारत सरकार.
_c1984
300 _a105
_bसाधी
365 _b21
520 _aबा.वि.हिंदी.
630 _aभारत के गौरव (तीसरा भाग ).
650 _aबा.वि.हिंदी.
730 _aभारत के गौरव (तीसरा भाग ).
942 _cBOOK
999 _c705449
_d705446